000 00837cam a2200133 4500500
005 20260329023211.0
041 _afre
042 _adc
100 1 0 _aNachi, Mohamed
_eauthor
245 0 0 _aIntroduction à la sociologie pragmatique
260 _bArmand Colin,
_c2006.
520 _aPrésentation synthétique de la sociologie dite « pragmatique » qui date du début des années 1980. Analyse critique des présupposés et des résultats de ce type sociologique qui a l’ambition de dépasser l’opposition entre individuel et collectif et de se débarrasser des catégories usuelles (classe sociale, culture, société, etc.) pour construire une approche en continuité avec le sens commun.
856 4 1 _uhttps://shs.cairn.info/introduction-a-la-sociologie-pragmatique--9782200268497?lang=fr&redirect-ssocas=7080
999 _c1925447
_d1925447